000 00303nam a2200097Ia 4500
008 220120s9999||||xx |||||||||||||| ||und||
100 _aChaya L and Meghana B.N
_912697
245 0 _aCollege web portal using android
260 _aCoorg Institute of Technology
_bPonnampet
_c2018
650 _aCIVIL ENGINEERING
999 _c138297
_d138297